Cases in entrepreneurship : (Record no. 1595)

MARC details
000 -LEADER
fixed length control field 00935nam a22002532 4500
001 - CONTROL NUMBER
control field 0000021011
005 - DATE AND TIME OF LATEST TRANSACTION
control field 20151021152603.0
008 - FIXED-LENGTH DATA ELEMENTS--GENERAL INFORMATION
fixed length control field 120109s xx 000 0 eng d
020 ## - INTERNATIONAL STANDARD BOOK NUMBER
International Standard Book Number 8178298634 :
040 ## - CATALOGING SOURCE
Original cataloging agency KABU
Transcribing agency KABU
245 10 - TITLE STATEMENT
Title Cases in entrepreneurship :
Remainder of title the venture creation proces /
Statement of responsibility, etc. [edited by] Eric A Morse, Ronald K. Mitchell.
250 ## - EDITION STATEMENT
Edition statement Sage South Asia ed.
260 ## - PUBLICATION, DISTRIBUTION, ETC. (IMPRINT)
Place of publication, distribution, etc. New Delhi :
Name of publisher, distributor, etc. Sage,
Date of publication, distribution, etc. 2007.
300 ## - PHYSICAL DESCRIPTION
Extent xvi, 425 p.
650 #0 - SUBJECT ADDED ENTRY--TOPICAL TERM
Topical term or geographic name as entry element New business enterprises
General subdivision Case studies.
-- 0000181672
650 #0 - SUBJECT ADDED ENTRY--TOPICAL TERM
Topical term or geographic name as entry element Venture capital
General subdivision Case studies.
-- 0000181673
650 #0 - SUBJECT ADDED ENTRY--TOPICAL TERM
Topical term or geographic name as entry element Entrepreneurship
General subdivision Case studies.
-- 0000150003
700 1# - ADDED ENTRY--PERSONAL NAME
Personal name Morse, Eric A.
-- 0000181674
700 1# - ADDED ENTRY--PERSONAL NAME
Personal name Mitchell, Ronald K.
-- 0000181675
852 1# - LOCATION
-- p1480 KES
852 1# - LOCATION
-- p1480 KES
908 ## - PUT COMMAND PARAMETER (RLIN)
Put command parameter 120109
950 ## - LOCAL HOLDINGS (RLIN)
-- 1
Holdings
Withdrawn status Lost status Source of classification or shelving scheme Not for loan Home library Current library Date acquired Total Checkouts Full call number Barcode Date last seen Copy number Price effective from Koha item type
    Library of Congress Classification   Kabarak, Main Campus Kabarak, Main Campus 21/10/2015   HD62.5 .C37 2007 c. 1 20118 02/08/2024 c.1 21/10/2015 General Collection
    Library of Congress Classification   Kabarak, Nakuru City Campus Kabarak, Nakuru City Campus 21/10/2015   HD62.5 .C37 2007 c. 1 20127 21/10/2015 C.1 21/10/2015 General Collection
Designed with assistance from East African Informatics Ltd